Quality assurance for microbiology in feed analysis laboratories / (Record no. 20906)

000 -LEADER
fixed length control field 00722cam a22002297a 4500
020 ## - INTERNATIONAL STANDARD BOOK NUMBER
ISBN 9789251076569
020 ## - INTERNATIONAL STANDARD BOOK NUMBER
ISBN 9251076561
040 ## - CATALOGING SOURCE
Transcribing agency UAB
082 04 - DEWEY DECIMAL CLASSIFICATION NUMBER
Classification number 636 FAO 2013 A028 Or.
100 1# - MAIN ENTRY--AUTHOR NAME
Personal name Cowie, Richard A.
245 10 - TITLE STATEMENT
Title Quality assurance for microbiology in feed analysis laboratories /
260 ## - PUBLICATION, DISTRIBUTION, ETC. (IMPRINT)
Place of publication Rome :
Name of publisher Food and Agriculture Organization of the United Nations,
Year of publication 2013.
300 ## - PHYSICAL DESCRIPTION
Number of Pages vii, 196 p. :
Other physical details ill. ;
Dimensions 25 cm.
490 1# - SERIES STATEMENT
Series statement FAO animal production and health manual,
650 #0 - SUBJECT ADDED ENTRY--TOPICAL TERM
Topical Term Feeds
650 #0 - SUBJECT ADDED ENTRY--TOPICAL TERM
Topical Term Feeds
650 #0 - SUBJECT ADDED ENTRY--TOPICAL TERM
Topical Term Animal nutrition.
650 #0 - SUBJECT ADDED ENTRY--TOPICAL TERM
Topical Term Animal feeding.
700 1# - ADDED ENTRY--PERSONAL NAME
Personal name Makkar, Harinder P. S.
710 2# - ADDED ENTRY--CORPORATE NAME
Corporate name or jurisdiction name as entry element Food and Agriculture Organization of the United Nations.
942 ## - ADDED ENTRY ELEMENTS (KOHA)
Koha item type ADB
952 ## - LOCATION AND ITEM INFORMATION (KOHA)
Withdrawn status [LOCAL, KOHA] 0
Holdings
Permanent Location Date acquired Koha item type Lost status Shelving location Barcode Current Location Full call number
Library Block A2023-01-13ADB A028a071272Library Block A636 FAO 2013 A028 Or.
មជ្ឈមណ្ឌលឯការនៃសាកលវិទ្យាល័យភូមិន្ទកសិកម្មចំការដូង

Powered by Koha